[Event "Bahia Blanca Primera CABB"]
[Site "Bahia Blanca"]
[Date "2018.11.18"]
[Round "3.2"]
[White "Mollo, Juan Pablo"]
[Black "Lescano, Pablo Daniel"]
[Result "1-0"]
[WhiteElo "2004"]
[BlackElo "1865"]
[PlyCount "157"]
[EventDate "2018.11.18"]
[EventType "swiss"]
[EventRounds "7"]
[EventCountry "ARG"]
[SourceTitle "EXT 2024"]
[Source "ChessBase"]
[SourceDate "2023.10.10"]
[SourceVersion "1"]
[SourceVersionDate "2023.10.10"]
[SourceQuality "1"]

1. e4 c5 2. Nf3 d6 3. d4 cxd4 4. Nxd4 Nf6 5. Nc3 a6 6. Bg5 e6 7. f4 h6 8. Bxf6 Qxf6 9. Qd2 g5 10. f5 Bg7 11. 0-0-0 Qxd4 12. Qxd4 Bxd4 13. Rxd4 Ke7 14. Be2 Nc6 15. Rd2 Ne5 16. Rf1 f6 17. Nd1 exf5 18. Ne3 f4 19. Nd5+ Kf7 20. Nb6 Rb8 21. Rxd6 Be6 22. c3 Rhd8 23. Rd4 Nc6 24. Rxd8 Rxd8 25. a4 Ne5 26. a5 Nd3+ 27. Kc2 Ne5 28. b4 Ng4 29. Bxg4 Bxg4 30. Na4 Re8 31. Nc5 Re7 32. Kd3 f5 33. Kd4 fxe4 34. Nxe4 Rd7+ 35. Kc5 Ke7 36. Kb6 Kd8 37. Nc5 Rd2 38. Nxb7+ Kc8 39. Re1 Rxg2 40. Re8+ Kd7 41. Rh8 Be2 42. Rxh6 Bc4 43. Nc5+ Ke7 44. Ne4 Bd5 45. Nf6 Bc4 46. Kc5 Bd3 47. Nd5+ Kf7 48. c4 Rc2 49. Kd4 Bxc4 50. Rc6 Bb3 51. Rxa6 Rxh2 52. Nc3 f3 53. Ne4 f2 54. Rf6+ Ke7 55. Rxf2 Rxf2 56. Nxf2 Kd6 57. Ne4+ Kc6 58. Nxg5 Kb5 59. Kc3 Bd1 60. Ne6 Bg4 61. Nd4+ Ka6 62. Kc4 Bh3 63. Kc5 Bf1 64. Ne6 Bh3 65. Nc7+ Kb7 66. Nb5 Bg2 67. Na3 Ka6 68. Nc4 Bb7 69. b5+ Ka7 70. Ne5 Bg2 71. Nc6+ Ka8 72. a6 Bf1 73. Nd4 Bg2 74. Kb6 Bd5 75. Ka5 Be4 76. b6 Kb8 77. Nb5 Bf3 78. Kb4 Ba8 79. Kc5 1-0